| 000 | 01560nam a2200361 i 4500 | ||
|---|---|---|---|
| 999 |
_c63979 _d63979 |
||
| 001 | 768714001 | ||
| 003 | CO-MdFUSB | ||
| 005 | 20180622072748.0 | ||
| 008 | 980701s1997 sp | o||| ||spa | ||
| 017 |
_aNA 2575-1997 _bOficina Depósito Legal Navarra |
||
| 020 | _a8431315571 | ||
| 040 |
_aSpMaBN _bspa _cCO-MdFUSB _erda _dCO-MdFUSBC |
||
| 041 | _aspa | ||
| 080 | 0 | _a1 Plantinga, Alvin | |
| 080 | 0 | _a211.1 | |
| 082 |
_223 _aG 211 _bM869a |
||
| 100 | 1 |
_aMoros, Enrique R. _eautor |
|
| 245 | 0 | 3 |
_aEl argumento ontológico modal de Alvin Plantinga _c/ Enrique R. Moros |
| 264 | 1 |
_aPamplona : _bUniversidad de Navarra (EUNSA), _c[1997] |
|
| 264 | 4 | _c©1997 | |
| 300 |
_a232 páginas. _c: 24 cm |
||
| 336 |
_2rdacontent _a1 _ba1 |
||
| 337 |
_2rdamedia _a2 _b5 |
||
| 338 |
_2rdacarrier _a2 _b5 |
||
| 505 |
_tCapítulo 1: La historia del argumento ontológico en el pensamiento Alvin Plantinga: _a¿Qué es el argumento ontólogico? -- La crítica de Plantinga al argumento aselmiano -- El argumento ontológico modal -- |
||
| 505 |
_tCapitulo II: El argumento ontológico modal de Alvin plantinga: _aArgumentos válidos, correctos y convincentes -- La posibilidad de la existencia de Dios -- El problema de la corrección del argumento -- el problema de la circularidad -- El valor del argumento ontológico en la filosofía de Plantinga |
||
| 600 | 1 | 7 |
_aPlantinga, Alvin _xCrítica e interpretación _2embne |
| 650 | 7 |
_aDios _xExistencia _2embne |
|
| 942 | _cBK | ||
| 956 | _a2 | ||